<?xml version="1.0" encoding="UTF-8"?>
<record
    xmlns:xsi="http://www.w3.org/2001/XMLSchema-instance"
    xsi:schemaLocation="http://www.loc.gov/MARC21/slim http://www.loc.gov/standards/marcxml/schema/MARC21slim.xsd"
    xmlns="http://www.loc.gov/MARC21/slim">

  <leader>00269nam a2200121Ia 4500</leader>
  <controlfield tag="008">170620s9999    xx            000 0 und d</controlfield>
  <datafield tag="100" ind1=" " ind2=" ">
    <subfield code="a">CHAURASIA-S-B.D</subfield>
  </datafield>
  <datafield tag="245" ind1=" " ind2="0">
    <subfield code="a">HUMAN ANATOMY (111)</subfield>
  </datafield>
  <datafield tag="260" ind1=" " ind2=" ">
    <subfield code="b">CBS </subfield>
  </datafield>
  <datafield tag="260" ind1=" " ind2=" ">
    <subfield code="c">2005</subfield>
  </datafield>
  <datafield tag="300" ind1=" " ind2=" ">
    <subfield code="a">415</subfield>
  </datafield>
  <datafield tag="546" ind1=" " ind2=" ">
    <subfield code="a">English</subfield>
  </datafield>
  <datafield tag="690" ind1=" " ind2=" ">
    <subfield code="a">HUMAN ANATOMY (111)</subfield>
  </datafield>
  <datafield tag="999" ind1=" " ind2=" ">
    <subfield code="c">30582</subfield>
    <subfield code="d">30582</subfield>
  </datafield>
  <datafield tag="952" ind1=" " ind2=" ">
    <subfield code="0">0</subfield>
    <subfield code="1">0</subfield>
    <subfield code="2">ddc</subfield>
    <subfield code="4">0</subfield>
    <subfield code="7">0</subfield>
    <subfield code="a">12</subfield>
    <subfield code="b">12</subfield>
    <subfield code="d">2014-01-12</subfield>
    <subfield code="e">1</subfield>
    <subfield code="l">0</subfield>
    <subfield code="p">12-B-258</subfield>
    <subfield code="r">2017-06-26</subfield>
    <subfield code="w">2017-06-26</subfield>
    <subfield code="y">01</subfield>
  </datafield>
  <datafield tag="952" ind1=" " ind2=" ">
    <subfield code="0">0</subfield>
    <subfield code="1">0</subfield>
    <subfield code="2">ddc</subfield>
    <subfield code="4">0</subfield>
    <subfield code="7">0</subfield>
    <subfield code="a">12</subfield>
    <subfield code="b">12</subfield>
    <subfield code="d">2014-01-12</subfield>
    <subfield code="e">1</subfield>
    <subfield code="l">0</subfield>
    <subfield code="p">12-B-259</subfield>
    <subfield code="r">2017-06-26</subfield>
    <subfield code="w">2017-06-26</subfield>
    <subfield code="y">01</subfield>
  </datafield>
  <datafield tag="952" ind1=" " ind2=" ">
    <subfield code="0">0</subfield>
    <subfield code="1">0</subfield>
    <subfield code="2">ddc</subfield>
    <subfield code="4">0</subfield>
    <subfield code="7">0</subfield>
    <subfield code="a">12</subfield>
    <subfield code="b">12</subfield>
    <subfield code="d">2014-01-12</subfield>
    <subfield code="e">1</subfield>
    <subfield code="l">0</subfield>
    <subfield code="p">12-B-260</subfield>
    <subfield code="r">2017-06-26</subfield>
    <subfield code="w">2017-06-26</subfield>
    <subfield code="y">01</subfield>
  </datafield>
  <datafield tag="952" ind1=" " ind2=" ">
    <subfield code="0">0</subfield>
    <subfield code="1">0</subfield>
    <subfield code="2">ddc</subfield>
    <subfield code="4">0</subfield>
    <subfield code="7">0</subfield>
    <subfield code="a">12</subfield>
    <subfield code="b">12</subfield>
    <subfield code="d">2014-01-12</subfield>
    <subfield code="e">1</subfield>
    <subfield code="l">0</subfield>
    <subfield code="p">12-B-261</subfield>
    <subfield code="r">2017-06-26</subfield>
    <subfield code="w">2017-06-26</subfield>
    <subfield code="y">01</subfield>
  </datafield>
  <datafield tag="952" ind1=" " ind2=" ">
    <subfield code="0">0</subfield>
    <subfield code="1">0</subfield>
    <subfield code="2">ddc</subfield>
    <subfield code="4">0</subfield>
    <subfield code="7">0</subfield>
    <subfield code="a">12</subfield>
    <subfield code="b">12</subfield>
    <subfield code="d">2014-01-12</subfield>
    <subfield code="e">1</subfield>
    <subfield code="l">0</subfield>
    <subfield code="p">12-B-262</subfield>
    <subfield code="r">2017-06-26</subfield>
    <subfield code="w">2017-06-26</subfield>
    <subfield code="y">01</subfield>
  </datafield>
  <datafield tag="952" ind1=" " ind2=" ">
    <subfield code="0">0</subfield>
    <subfield code="1">0</subfield>
    <subfield code="2">ddc</subfield>
    <subfield code="4">0</subfield>
    <subfield code="7">0</subfield>
    <subfield code="a">12</subfield>
    <subfield code="b">12</subfield>
    <subfield code="d">2014-01-12</subfield>
    <subfield code="e">1</subfield>
    <subfield code="l">1</subfield>
    <subfield code="p">12-B-263</subfield>
    <subfield code="r">2023-10-25</subfield>
    <subfield code="s">2023-10-25</subfield>
    <subfield code="w">2017-06-26</subfield>
    <subfield code="y">01</subfield>
  </datafield>
  <datafield tag="952" ind1=" " ind2=" ">
    <subfield code="0">0</subfield>
    <subfield code="1">0</subfield>
    <subfield code="2">ddc</subfield>
    <subfield code="4">0</subfield>
    <subfield code="7">0</subfield>
    <subfield code="a">12</subfield>
    <subfield code="b">12</subfield>
    <subfield code="d">2014-01-12</subfield>
    <subfield code="e">1</subfield>
    <subfield code="l">0</subfield>
    <subfield code="p">12-B-264</subfield>
    <subfield code="r">2017-06-26</subfield>
    <subfield code="w">2017-06-26</subfield>
    <subfield code="y">01</subfield>
  </datafield>
  <datafield tag="952" ind1=" " ind2=" ">
    <subfield code="0">0</subfield>
    <subfield code="1">0</subfield>
    <subfield code="2">ddc</subfield>
    <subfield code="4">0</subfield>
    <subfield code="7">0</subfield>
    <subfield code="a">12</subfield>
    <subfield code="b">12</subfield>
    <subfield code="d">2014-01-12</subfield>
    <subfield code="e">1</subfield>
    <subfield code="l">0</subfield>
    <subfield code="p">12-B-265</subfield>
    <subfield code="r">2017-06-26</subfield>
    <subfield code="w">2017-06-26</subfield>
    <subfield code="y">01</subfield>
  </datafield>
  <datafield tag="952" ind1=" " ind2=" ">
    <subfield code="0">0</subfield>
    <subfield code="1">0</subfield>
    <subfield code="2">ddc</subfield>
    <subfield code="4">0</subfield>
    <subfield code="7">0</subfield>
    <subfield code="a">12</subfield>
    <subfield code="b">12</subfield>
    <subfield code="d">2014-01-12</subfield>
    <subfield code="e">1</subfield>
    <subfield code="l">0</subfield>
    <subfield code="p">12-B-266</subfield>
    <subfield code="r">2017-06-26</subfield>
    <subfield code="w">2017-06-26</subfield>
    <subfield code="y">01</subfield>
  </datafield>
  <datafield tag="952" ind1=" " ind2=" ">
    <subfield code="0">0</subfield>
    <subfield code="1">0</subfield>
    <subfield code="2">ddc</subfield>
    <subfield code="4">0</subfield>
    <subfield code="7">0</subfield>
    <subfield code="a">12</subfield>
    <subfield code="b">12</subfield>
    <subfield code="d">2014-01-12</subfield>
    <subfield code="e">1</subfield>
    <subfield code="l">2</subfield>
    <subfield code="p">12-B-267</subfield>
    <subfield code="r">2021-12-30</subfield>
    <subfield code="s">2021-12-30</subfield>
    <subfield code="w">2017-06-26</subfield>
    <subfield code="y">01</subfield>
  </datafield>
</record>
